| 000 | 00536nam a22001697a 4500 | ||
|---|---|---|---|
| 003 | OSt | ||
| 005 | 20251211062653.0 | ||
| 008 | 251211b |||||||| |||| 00| 0 eng d | ||
| 020 | _a9780689871313 | ||
| 040 |
_aDWCL - Main Lib _cOC |
||
| 082 | _aFic. D615b 2007 | ||
| 100 | _aDiterlizzi, Tony and Holly, Black | ||
| 245 |
_aBeyond the spiderwick chronicles 1: _bthe Nixie's song / _cTony Diterlizzi and Black Holly |
||
| 260 |
_aNew York : _bSimon and Schuster, _cc2007. |
||
| 300 |
_a162 p.: _bill.; _c18 cm. |
||
| 942 |
_2ddc _cFIC. _mFic. _n0 |
||
| 999 |
_c7040 _d7040 |
||